000 00421pab a2200157 454500
008 180718b2006 xxu||||| |||| 00| 0 eng d
100 _aGarg, Samir
245 _aGrassroot mobilisation for children's nutrition rights
260 _c2006
300 _ap.3694-700.
362 _a26 Aug
650 _aNutrition - India - Chhattisgarh
650 _aNutrition
773 _aEconomic and Political Weekly
909 _a71318
999 _c71318
_d71318